[Event "Dundee & Angus Open"]
[Site "?"]
[Date "2012.??.??"]
[Round "5"]
[White "Campbell, Duncan A.F."]
[Black "Mayo, Kevin"]
[Result "0-1"]
[WhiteElo "1898"]
[BlackElo "1836"]
[PlyCount "98"]

1. e4 c5 2. Nc3 Nc6 3. g3 g6 4. Bg2 Bg7 5. d3 d6 6. Be3 e6 7. Qd2 a6 8. Nge2
Qc7 9. O-O b5 10. h3 b4 11. Nd1 Bb7 12. g4 Nd4 13. c3 Nxe2+ 14. Qxe2 a5 15. c4
Ne7 16. f4 O-O-O 17. a3 Nc6 18. axb4 axb4 19. Nf2 Nd4 20. Bxd4 Bxd4 21. Kh1 Kd7
22. g5 h5 23. Nd1 Ra8 24. Ne3 Rxa1 25. Rxa1 Ra8 26. Rxa8 Bxa8 27. b3 Qa5 28.
Nc2 Bc3 29. e5 Bxg2+ 30. Qxg2 dxe5 31. fxe5 Bxe5 32. Qe4 Qc7 33. Kg1 Bc3 34.
Qf3 Ke8 35. Kg2 Kf8 36. Ne3 Qe5 37. h4 Bd2 38. Nf1 Be1 39. Ng3 Bxg3 40. Qxg3
Qxg3+ 41. Kxg3 e5 42. Kf3 Ke7 43. Ke3 f5 44. gxf6+ Kxf6 45. Ke4 Ke6 46. Ke3 Kf5
47. Kf3 g5 48. hxg5 Kxg5 49. Kg3 h4+ 0-1

[Event "Dundee & Angus Open"]
[Site "?"]
[Date "2012.??.??"]
[Round "5"]
[White "Doyle, Jim"]
[Black "Hogg, Steve"]
[Result "1-0"]
[WhiteElo "1924"]
[BlackElo "1933"]
[PlyCount "113"]

1. d4 Nf6 2. c4 e6 3. Nc3 Bb4 4. e3 O-O 5. Bd3 d5 6. Nge2 dxc4 7. Bxc4 c5 8.
O-O cxd4 9. exd4 Nbd7 10. Ng3 Qc7 11. Qb3 Nb6 12. Bd3 Be7 13. Be3 Bd7 14. Rac1
Bc6 15. Qc2 g6 16. Qe2 Nbd5 17. Nce4 Nf4 18. Qd2 Nxd3 19. Qxd3 Nxe4 20. Nxe4
Rfd8 21. Ng5 Qa5 22. Qb1 Rd7 23. a3 Qd5 24. f3 a5 25. Ne4 a4 26. Rc5 Qb3 27.
Rc3 Qb5 28. Rfc1 Qf5 29. Qc2 g5 30. Ng3 Qxc2 31. R3xc2 f5 32. Bf2 Bf6 33. Ne2
Rad8 34. f4 Kf7 35. fxg5 Bxg5 36. Re1 Rg8 37. Ng3 Bf6 38. Rce2 Bd5 39. Be3 Rg4
40. Nh5 Bxd4 41. Bxd4 Rxd4 42. Ng3 Kg6 43. Nf1 Bc4 44. Re3 h5 45. h3 h4 46. Nh2
Re4 47. Rxe4 fxe4 48. Rxe4 Rd1+ 49. Kf2 Bd5 50. Rxh4 Rd2+ 51. Ke3 Rxg2 52. Rg4+
Kh5 53. Rxg2 Bxg2 54. Kf4 Bxh3 55. Nf3 Kg6 56. Ke5 Bg2 57. Nh4+ 1-0

[Event "Dundee & Angus Open"]
[Site "Dundee & Angus Congress 2012"]
[Date "1500.??.??"]
[Round "5"]
[White "Tate, Alan "]
[Black "Berry, Neil "]
[Result "1-0"]
[WhiteElo "2349"]
[BlackElo "2216"]
[PlyCount "79"]

1. e4 e5 2. Nf3 Nc6 3. Bc4 Bc5 4. d3 Nf6 5. Bb3 O-O 6. O-O d6 7. c3 a6 8. Re1
Ba7 9. h3 Be6 10. Nbd2 Bxb3 11. axb3 d5 12. Qe2 Re8 13. Nf1 dxe4 14. dxe4 Qd7
15. Bg5 Qe6 16. b4 h6 17. Bxf6 Qxf6 18. Ne3 Bxe3 19. Qxe3 Rad8 20. Nd2 Ne7 21.
Nb3 Ng6 22. g3 Qe6 23. Nc5 Qxh3 24. Nxb7 Rd3 25. Qe2 h5 26. Qf1 Qxf1+ 27. Kxf1
Ra8 28. Ke2 Rd7 29. b5 a5 30. Rxa5 Rb8 31. Ra7 h4 32. Nc5 Re7 33. Rb7 Rxb7 34.
Nxb7 hxg3 35. fxg3 Re6 36. c4 Ne7 37. Rd1 Rb6 38. Nc5 c6 39. Rd7 Ng6 40. Na4
1-0

[Event "Dundee & Angus Open"]
[Site "?"]
[Date "2012.??.??"]
[Round "5"]
[White "Murdochy, Shivan"]
[Black "O'Rourke, Dominic"]
[Result "1-0"]
[WhiteElo "1880"]
[BlackElo "1830"]
[PlyCount "39"]

1. d4 Nf6 2. c4 g6 3. Nc3 Bg7 4. e4 d6 5. f3 O-O 6. Be3 a6 7. Bd3 Nbd7 8. Nge2
c5 9. d5 b5 10. cxb5 Qa5 11. O-O Nb6 12. a4 Nbd7 13. Ng3 Ne5 14. Be2 h5 15. Nh1
Ne8 16. Nf2 c4 17. h3 Nd3 18. Nxd3 Bxc3 19. bxc3 cxd3 20. Qxd3 1-0

[Event "Dundee & Angus Open"]
[Site "?"]
[Date "2012.??.??"]
[Round "5"]
[White "Dawson, Alastair"]
[Black "Grant, Duncan"]
[Result "1/2-1/2"]
[WhiteElo "1760"]
[BlackElo "1906"]
[PlyCount "25"]

1. d4 g6 2. Nf3 Bg7 3. e4 d6 4. Nc3 a6 5. a4 Nd7 6. Be3 e6 7. h3 Ne7 8. Qd2 h6
9. Bd3 b6 10. Ne2 Bb7 11. c4 c5 12. d5 e5 13. g4 1/2-1/2

[Event "Dundee & Angus Challengers"]
[Site "?"]
[Date "2012.10.12"]
[Round "1"]
[White "Deary, Daniel"]
[Black "Parks, Joe"]
[Result "1-0"]
[WhiteElo "1649"]
[BlackElo "1844"]
[PlyCount "57"]
[EventDate "2012.??.??"]

1. e4 d6 2. d4 Nf6 3. Nc3 e5 4. Nf3 Nbd7 5. Bc4 Be7 6. Bxf7+ Kxf7 7. Ng5+ Kg8
8. Ne6 Qe8 9. Nxc7 Qd8 10. Nxa8 b5 11. dxe5 dxe5 12. Nd5 Nxe4 13. Nxe7+ Qxe7
14. Qd5+ Kf8 15. Qxe4 Nf6 16. Qe2 Bb7 17. O-O Bxa8 18. Qxb5 Kf7 19. Bg5 Qe6 20.
Bxf6 gxf6 21. Rad1 Bc6 22. Qb3 Rg8 23. Qxe6+ Kxe6 24. f3 f5 25. Rd2 h5 26. Rfd1
Bb5 27. Rd6+ Ke7 28. R6d5 Bc6 29. Rxe5+ 1-0

[Event "Dundee & Angus Challengers"]
[Site "?"]
[Date "2012.10.12"]
[Round "1"]
[White "Ridge, Mike"]
[Black "MacQueen, Andrew"]
[Result "1-0"]
[WhiteElo "1800"]
[BlackElo "1648"]
[PlyCount "49"]
[EventDate "2012.??.??"]

1. e4 c5 2. Nf3 d6 3. d4 cxd4 4. Nxd4 Nf6 5. Nc3 a6 6. Be2 e6 7. O-O Be7 8. f4
Nc6 9. Be3 O-O 10. Qe1 Bd7 11. Rd1 Qc7 12. Kh1 Nxd4 13. Bxd4 e5 14. fxe5 dxe5
15. Qg3 Rad8 16. Bxe5 Qc6 17. Nd5 Qxc2 18. Bd3 Qc5 19. Rxf6 Bb5 20. Rc6 f6 21.
Rxc5 Bxc5 22. Nxf6+ Kf7 23. Nd5 Bxd3 24. Qxg7+ Ke6 25. Nc7# 1-0

[Event "Dundee & Angus Challengers"]
[Site "?"]
[Date "2012.10.12"]
[Round "1"]
[White "Llewellyn, Alan"]
[Black "Hargrave, Ian"]
[Result "0-1"]
[WhiteElo "1620"]
[BlackElo "1765"]
[PlyCount "70"]
[EventDate "2012.??.??"]

1. c4 Nf6 2. Nc3 g6 3. e4 d6 4. d3 Bg7 5. f4 c5 6. Nf3 Nc6 7. Be2 O-O 8. O-O a6
9. f5 gxf5 10. exf5 Bxf5 11. Nh4 Bg6 12. Nf5 Bxf5 13. Rxf5 Nd4 14. Rg5 Kh8 15.
Bh5 Qd7 16. Ne4 Nxe4 17. dxe4 Qe6 18. Qd3 Bh6 19. Bg4 f5 20. exf5 Qe1+ 21. Qf1
Qxf1+ 22. Kxf1 Bxg5 23. Bxg5 Nxf5 24. Bf3 Rab8 25. Re1 e5 26. b4 b6 27. b5 axb5
28. cxb5 h6 29. Bc1 Kg7 30. Bb2 Nd4 31. Kg1 Nxb5 32. h3 Nd4 33. Kh2 Nxf3+ 34.
gxf3 Rxf3 35. Rxe5 Rf2+ 0-1

[Event "Dundee & Angus Challengers"]
[Site "?"]
[Date "2012.10.12"]
[Round "1"]
[White "Thomas, Daniel"]
[Black "Aitchison, Keith"]
[Result "0-1"]
[WhiteElo "1741"]
[BlackElo "1618"]
[PlyCount "54"]
[EventDate "2012.??.??"]

1. d4 Nf6 2. c4 e5 3. d5 Bc5 4. Nc3 d6 5. Bg5 Bxf2+ 6. Kd2 h6 7. Bxf6 Qxf6 8.
e3 Bxg1 9. Rxg1 Na6 10. Be2 Bd7 11. Ne4 Qh4 12. Bf3 O-O-O 13. b4 f5 14. g3 Qe7
15. Nc3 g5 16. b5 Nc5 17. Na4 e4 18. Nxc5 dxc5 19. Be2 Bxb5 20. Qb3 Ba6 21.
Rgf1 Rhf8 22. Qa4 Rf6 23. Rxf5 Rxf5 24. Bg4 Kb8 25. Bxf5 Qe5 26. Rb1 Qxf5 27.
Qxa6 Qf2+ 0-1

[Event "Dundee & Angus Challengers"]
[Site "?"]
[Date "2012.10.12"]
[Round "1"]
[White "Robertson, Jim"]
[Black "McGovern, Patrick"]
[Result "0-1"]
[WhiteElo "1573"]
[BlackElo "1725"]
[PlyCount "102"]
[EventDate "2012.??.??"]

1. d4 Nf6 2. e3 e6 3. Bd3 Be7 4. f4 b6 5. c3 Bb7 6. Nf3 d6 7. O-O Nbd7 8. Qe2
O-O 9. Nbd2 c5 10. Ng5 h6 11. Nge4 Rc8 12. Nxf6+ Nxf6 13. Ba6 Bxa6 14. Qxa6 Rc7
15. Qe2 d5 16. Qf3 Nh7 17. dxc5 Bxc5 18. Nb3 Nf6 19. Nxc5 Rxc5 20. Rd1 Ne4 21.
Bd2 Qf6 22. Be1 Rfc8 23. Rd4 Kh7 24. Rc1 b5 25. a3 a5 26. Rcd1 Nd6 27. b3 Ne4
28. c4 bxc4 29. bxc4 Rxc4 30. Rxc4 Rxc4 31. Bxa5 Qb2 32. Bb4 Rc2 33. Rf1 f5 34.
Be1 d4 35. exd4 Qxd4+ 36. Kh1 Qb2 37. a4 Rc1 38. Kg1 Qd4+ 39. Kh1 Qxa4 40. Kg1
Qd4+ 41. Kh1 Qa1 42. Qe2 Qb1 43. Kg1 Rc2 44. Qf3 Qb2 45. Kh1 g5 46. fxg5 hxg5
47. Qh3+ Kg7 48. Qd3 Rc7 49. Kg1 Qb6+ 50. Kh1 Qc6 51. Qd1 Kg6 0-1

[Event "Dundee & Angus Challengers"]
[Site "?"]
[Date "2012.10.12"]
[Round "1"]
[White "Kleboe, James P.R"]
[Black "Macgilchrist, Siegrun"]
[Result "0-1"]
[WhiteElo "1724"]
[BlackElo "1573"]
[PlyCount "64"]
[EventDate "2012.??.??"]

1. d4 d5 2. Nf3 Nf6 3. c4 c6 4. Nc3 Bf5 5. c5 Qc7 6. g3 Ne4 7. Bf4 Nxc3 8. Bxc7
Nxd1 9. Kxd1 Nd7 10. Nh4 Be6 11. f4 f6 12. f5 Bf7 13. b4 g5 14. Ng2 Rc8 15. Bf4
gxf4 16. Nxf4 Bh6 17. e3 Bxf4 18. exf4 Bh5+ 19. Kd2 Bf3 20. Rg1 Be4 21. Bh3 Kf7
22. a4 b6 23. Rge1 bxc5 24. dxc5 Rb8 25. Kc3 Rb7 26. a5 Rhb8 27. Ra4 Nxc5 28.
Raa1 Na4+ 29. Rxa4 h6 30. g4 c5 31. Bf1 Rxb4 32. Ra3 Rb2 0-1

[Event "Dundee & Angus Challengers"]
[Site "?"]
[Date "2012.10.13"]
[Round "1"]
[White "Deary, David"]
[Black "Shafi, Paul"]
[Result "0-1"]
[WhiteElo "1715"]
[BlackElo "1534"]
[PlyCount "83"]
[EventDate "2012.??.??"]

1. d4 g6 2. c4 e6 3. Nc3 d6 4. e4 Bg7 5. Nf3 Ne7 6. Bg5 h6 7. Bh4 g5 8. Bg3 Nd7
9. h3 b6 10. Bd3 Bb7 11. Qc2 Nf6 12. d5 e5 13. Ne2 Nh5 14. h4 Nxg3 15. Nxg3 g4
16. Nh2 h5 17. O-O-O Bh6+ 18. Kb1 Bf4 19. Ne2 Ng6 20. g3 Bh6 21. Rhf1 Bc8 22.
f3 gxf3 23. Rxf3 Bh3 24. Ng1 Qd7 25. Nxh3 Qxh3 26. Qf2 Qd7 27. Rf1 Rh7 28. Rf5
O-O-O 29. Be2 Rf8 30. Bxh5 Nh8 31. Ng4 Bg7 32. Qf3 a5 33. Nf6 Bxf6 34. Rxf6 Kb7
35. Bg4 Qe7 36. Bh5 c5 37. g4 Kc7 38. g5 Rg8 39. Bxf7 Rgg7 40. Bh5 Qd7 41. Rf8
Re7 42. Bg4 0-1

[Event "Dundee & Angus Challengers"]
[Site "?"]
[Date "2012.10.13"]
[Round "1"]
[White "Heathcote, Colin"]
[Black "Mitchell, Jeremy J"]
[Result "0-1"]
[WhiteElo "1462"]
[BlackElo "1708"]
[PlyCount "71"]
[EventDate "2012.??.??"]

1. e4 c6 2. d4 d5 3. e5 c5 4. Nf3 cxd4 5. Nxd4 Nc6 6. f4 e6 7. c3 Bc5 8. Be3
Qb6 9. Qd2 Nge7 10. Be2 Bxd4 11. cxd4 Nf5 12. Bf2 Qb4 13. Qxb4 Nxb4 14. Na3 Bd7
15. g4 Ne7 16. O-O O-O 17. Nb5 Bxb5 18. Bxb5 a6 19. Be2 Rac8 20. a3 Nbc6 21. b4
Rc7 22. Bd3 Rfc8 23. Be3 Na7 24. Bd2 Nb5 25. Bxb5 axb5 26. Rfc1 Rxc1+ 27. Rxc1
Rc4 28. Be3 Nc6 29. Rd1 Rc3 30. Bc1 Nxd4 31. Bb2 Ne2+ 32. Kf1 Rc2 33. Re1 Nxf4
34. Bd4 Rxh2 35. Rc1 Rh1+ 36. Bg1 0-1

[Event "Dundee & Angus Challengers"]
[Site "?"]
[Date "2012.10.13"]
[Round "1"]
[White "Smith, Stephen H"]
[Black "Milton, Carl"]
[Result "1/2-1/2"]
[WhiteElo "1708"]
[BlackElo "1505"]
[PlyCount "117"]
[EventDate "2012.??.??"]

1. e4 c5 2. Nf3 d6 3. d4 cxd4 4. Nxd4 Nf6 5. Nc3 g6 6. Be3 Bg7 7. Be2 Nc6 8.
O-O O-O 9. Kh1 d5 10. Nxc6 bxc6 11. exd5 Nxd5 12. Nxd5 cxd5 13. c3 a5 14. Bb5
Ba6 15. Bxa6 Rxa6 16. Qd3 Qa8 17. Rad1 e6 18. Rfe1 Rb8 19. Re2 Rc6 20. Bd4 Bxd4
21. Qxd4 Rcb6 22. b3 R8b7 23. f4 Qf8 24. h3 Qg7 25. Qxg7+ Kxg7 26. Rd4 h5 27.
Ra4 Rb5 28. g3 Rc7 29. Re3 Rbc5 30. c4 dxc4 31. bxc4 Rxc4 32. Rxa5 Rc2 33. Raa3
Rb2 34. Rec3 Rxc3 35. Rxc3 Rxa2 36. Rd3 Kf6 37. Rd7 Re2 38. Kg1 e5 39. fxe5+
Rxe5 40. Kg2 Ke6 41. Rd8 Rf5 42. Re8+ Kd5 43. Re7 Kd6 44. Re8 Re5 45. Rd8+ Ke7
46. Rd2 g5 47. Ra2 Kf6 48. Ra7 Kg6 49. Kf3 Rc5 50. Ra6+ f6 51. Ra8 Rc3+ 52. Kf2
Rc6 53. Rg8+ Kh7 54. Rf8 Kg7 55. Rd8 Rc7 56. Re8 Rf7 57. Rb8 h4 58. gxh4 gxh4
59. Rb4 1/2-1/2

[Event "Dundee & Angus Challengers"]
[Site "?"]
[Date "2012.10.12"]
[Round "1"]
[White "Loughran, Robert"]
[Black "Hilton, Steve H"]
[Result "0-1"]
[WhiteElo "1541"]
[BlackElo "1708"]
[PlyCount "76"]
[EventDate "2012.??.??"]

1. d4 Nf6 2. Nf3 g6 3. c3 Bg7 4. Nbd2 d5 5. e3 O-O 6. Bd3 Nbd7 7. O-O c5 8. Re1
Qc7 9. e4 Nxe4 10. Bxe4 dxe4 11. Nxe4 cxd4 12. Nxd4 a6 13. Ng5 Nf6 14. Qb3 e5
15. Ndf3 h6 16. Ne4 Nxe4 17. Rxe4 Be6 18. Qd1 Rad8 19. Qe1 Rfe8 20. h3 Bd5 21.
Re3 f5 22. c4 Bxc4 23. Nd2 Bf7 24. Nb3 e4 25. Bd2 b6 26. Rc1 Qb7 27. Bc3 Bxb3
28. Bxg7 Qxg7 29. Rxb3 Rd6 30. f4 Qd4+ 31. Qe3 Qxe3+ 32. Rxe3 Re7 33. Rc2 g5
34. g3 Kg7 35. Kf2 Red7 36. Ree2 gxf4 37. gxf4 Kg6 38. Rc3 Rd3 0-1

[Event "Dundee & Angus Challengers"]
[Site "?"]
[Date "2012.10.13"]
[Round "2"]
[White "Hargrave, Ian"]
[Black "Clinton, William"]
[Result "1-0"]
[WhiteElo "1765"]
[BlackElo "1651"]
[PlyCount "37"]
[EventDate "2012.??.??"]

1. e4 d5 2. exd5 Nf6 3. d4 Bg4 4. Nf3 Qxd5 5. Be2 Nc6 6. c4 Qf5 7. O-O O-O-O 8.
Be3 e5 9. d5 e4 10. Nd4 Nxd4 11. Bxd4 Bxe2 12. Qxe2 Bd6 13. Nc3 Bxh2+ 14. Kxh2
Ng4+ 15. Kg1 c5 16. Qxe4 Qh5 17. Qf4 cxd4 18. Nb5 g5 19. Qc7# 1-0

[Event "Dundee & Angus Challengers"]
[Site "?"]
[Date "2012.10.13"]
[Round "2"]
[White "Flockhart, Hugh"]
[Black "Grundy, Thomas"]
[Result "0-1"]
[WhiteElo "1576"]
[BlackElo "1709"]
[PlyCount "42"]
[EventDate "2012.??.??"]

1. e4 e5 2. Bc4 Nf6 3. d3 c6 4. Nf3 Bd6 5. Nbd2 Bc7 6. c3 d5 7. exd5 cxd5 8.
Bb3 O-O 9. h3 Nc6 10. Nf1 Qe7 11. Ng3 e4 12. dxe4 dxe4 13. Ng5 h6 14. Nxf7 Rxf7
15. Bxf7+ Qxf7 16. O-O Ne5 17. Qd4 Bxh3 18. Nxe4 Nf3+ 19. gxf3 Qg6+ 20. Ng3
Bxg3 21. Kh1 Bxf1 0-1

[Event "Dundee & Angus Challengers"]
[Site "?"]
[Date "2012.10.13"]
[Round "2"]
[White "McIntee, Christopher"]
[Black "Lawson, Robert"]
[Result "0-1"]
[WhiteElo "1724"]
[BlackElo "1605"]
[PlyCount "66"]
[EventDate "2012.??.??"]

1. e4 d6 2. f4 Nf6 3. Nc3 g6 4. Nf3 Bg7 5. d4 O-O 6. Be3 c6 7. Bd3 b5 8. O-O b4
9. Ne2 Ba6 10. Kh1 Qc7 11. c3 Bxd3 12. Qxd3 bxc3 13. bxc3 Nbd7 14. e5 Nd5 15.
Bd2 dxe5 16. fxe5 e6 17. Ng5 c5 18. Qh3 h6 19. Nxe6 fxe6 20. Qxe6+ Kh7 21. Qxd5
cxd4 22. e6 dxc3 23. Nxc3 Nf6 24. Qb3 Ng4 25. g3 Qc6+ 26. Nd5 Bxa1 27. Rxa1 Nf6
28. Qe3 Qxd5+ 29. Kg1 Ng4 30. Rc1 Nxe3 31. Rc7+ Kg8 32. Bxe3 Qd1+ 33. Kg2 Qe2+
0-1

[Event "Dundee & Angus Challengers"]
[Site "?"]
[Date "2012.10.13"]
[Round "2"]
[White "Hilton, Stephen"]
[Black "Kosznik, Dariusz"]
[Result "1/2-1/2"]
[WhiteElo "1722"]
[BlackElo "1625"]
[PlyCount "71"]
[EventDate "2012.??.??"]

1. d4 e6 2. c4 d5 3. Nc3 Nf6 4. Nf3 Be7 5. Bg5 Nbd7 6. e3 O-O 7. cxd5 exd5 8.
Bd3 c6 9. Qc2 Re8 10. O-O Nf8 11. Bxf6 Bxf6 12. b4 a6 13. a4 Bg4 14. Nd2 Qe7
15. Rab1 Rac8 16. Nb3 g6 17. Nc5 Ne6 18. Nxe6 Bxe6 19. a5 Bd7 20. Na4 Bg7 21.
Nb6 Rcd8 22. Rfc1 Bg4 23. Na4 Qg5 24. f4 Qe7 25. Re1 Rd6 26. Nc5 Rf6 27. h3 Bc8
28. Re2 Rd6 29. Rbe1 f5 30. Qc3 Rf6 31. Bc2 Rf7 32. Bb3 Qh4 33. Nd3 Rfe7 34.
Ne5 Qf6 35. Qd2 Qd6 36. Qc3 1/2-1/2

[Event "Dundee & Angus Challengers"]
[Site "?"]
[Date "2012.10.13"]
[Round "2"]
[White "Mitchell, Jeremy. J"]
[Black "Sykes, Chris"]
[Result "0-1"]
[WhiteElo "1708"]
[BlackElo "1840"]
[PlyCount "115"]
[EventDate "2012.??.??"]

1. e4 c6 2. d4 d5 3. exd5 cxd5 4. Bd3 Nc6 5. c3 Nf6 6. Bf4 Bg4 7. Qb3 Qd7 8.
Nd2 e6 9. Ngf3 Bxf3 10. Nxf3 Bd6 11. Ne5 Bxe5 12. Bxe5 a6 13. Bxf6 gxf6 14.
O-O-O O-O-O 15. f4 Qc7 16. Kb1 Qxf4 17. Qb6 Rd6 18. Rc1 f5 19. c4 Qe3 20. Rc3
dxc4 21. Bxc4 Qxd4 22. Qxd4 Rxd4 23. Bxa6 Kb8 24. Rhc1 Nb4 25. Be2 Nd5 26. Rg3
Nf4 27. Bf1 h5 28. Rg7 Rd7 29. Bc4 h4 30. g3 Nh5 31. Rg5 f6 32. Rg6 Rg7 33.
Rxg7 Nxg7 34. Rg1 h3 35. Rd1 Rc8 36. b3 Kc7 37. Bf1 Rh8 38. Bb5 Nh5 39. Rd3 f4
40. gxf4 Nxf4 41. Rg3 Rh5 42. Bf1 Rg5 43. Rf3 e5 44. Bxh3 Rg1+ 45. Kb2 Rh1 46.
Rc3+ Kd6 47. Bf5 Rxh2+ 48. Rc2 Rh5 49. Be4 b6 50. Bb7 Nd3+ 51. Kc3 Nc5 52. Ba8
Rh3+ 53. Kc4 f5 54. Rd2+ Kc7 55. Rd5 Nd7 56. a4 f4 57. a5 bxa5 58. Rxa5 0-1

[Event "Dundee & Angus Challengers"]
[Site "?"]
[Date "2012.10.13"]
[Round "2"]
[White "Smith, John S.R"]
[Black "Abdulla, Nihad"]
[Result "1-0"]
[WhiteElo "1745"]
[BlackElo "1648"]
[PlyCount "93"]
[EventDate "2012.??.??"]

1. e4 c5 2. Nc3 Nc6 3. g3 g6 4. Bg2 Bg7 5. d3 d6 6. f4 Nf6 7. Nf3 O-O 8. O-O
Bd7 9. Be3 Ng4 10. Bf2 Nxf2 11. Rxf2 Nd4 12. Kh1 Rb8 13. h3 b5 14. Qf1 b4 15.
Nd1 Qc8 16. g4 Nxf3 17. Bxf3 e6 18. h4 f5 19. exf5 exf5 20. g5 Bc6 21. a3 bxa3
22. Rxa3 Bxf3+ 23. Rxf3 Qc7 24. b3 d5 25. Ne3 Rfd8 26. Qe1 Bd4 27. Qd2 Bxe3 28.
Qxe3 Re8 29. Qf2 d4 30. Ra1 Rb6 31. Re1 Rbe6 32. Rxe6 Rxe6 33. Qd2 Qe7 34. Rf2
Re3 35. Kh2 Qc7 36. Qd1 Qc6 37. h5 Qe6 38. h6 Re1 39. Qd2 Qe3 40. Kg2 Qe6 41.
Kh2 Re3 42. Qa5 Qb6 43. Qa4 Re7 44. Qc4+ Kh8 45. Qd5 Qb5 46. Kg3 Re3+ 47. Kg2
1-0

[Event "Dundee & Angus Challengers"]
[Site "?"]
[Date "2012.10.13"]
[Round "2"]
[White "McGovern, Patrick"]
[Black "Deary, Daniel"]
[Result "0-1"]
[WhiteElo "1725"]
[BlackElo "1649"]
[PlyCount "68"]
[EventDate "2012.??.??"]

1. d4 Nf6 2. Nf3 g6 3. e3 Bg7 4. Bd3 d5 5. Nbd2 O-O 6. O-O c5 7. b3 Nc6 8. Bb2
Re8 9. c3 e5 10. dxe5 Ng4 11. h3 Ngxe5 12. Bc2 f5 13. Nxe5 Nxe5 14. Nf3 b6 15.
Nxe5 Bxe5 16. Qd2 Bb7 17. Bd1 Qd7 18. Bf3 Rad8 19. Rfd1 Qg7 20. Qc2 Rd7 21. Rd3
Red8 22. Rad1 c4 23. R3d2 b5 24. b4 Bc6 25. g3 Qf6 26. h4 a5 27. bxa5 b4 28.
cxb4 c3 29. Bxc3 Bxc3 30. Rd3 Bxb4 31. Qb3 Bxa5 32. Bxd5+ Kg7 33. Kg2 Bxd5+ 34.
Rxd5 Qc6 0-1

[Event "Dundee & Angus Challengers"]
[Site "?"]
[Date "2012.10.13"]
[Round "2"]
[White "Emery, Keith"]
[Black "Bauld, Robin W"]
[Result "1/2-1/2"]
[WhiteElo "1681"]
[BlackElo "1728"]
[PlyCount "53"]
[EventDate "2012.??.??"]

1. e4 c5 2. Nf3 d6 3. Bb5+ Bd7 4. Qe2 Nc6 5. b3 a6 6. Bxc6 Bxc6 7. Bb2 e5 8.
Nc3 Nf6 9. a4 Be7 10. d3 O-O 11. O-O b5 12. axb5 axb5 13. Rxa8 Qxa8 14. Ra1 Qb7
15. Nd1 Ra8 16. Ne3 Rxa1+ 17. Bxa1 g6 18. Qe1 Qa8 19. Bb2 Bd8 20. c4 b4 21. Qa1
Qxa1+ 22. Bxa1 Nh5 23. g3 Ng7 24. Nd2 Bg5 25. Ndf1 Ne6 26. h4 Bxe3 27. Nxe3
1/2-1/2

[Event "Dundee & Angus Challengers"]
[Site "?"]
[Date "2012.10.13"]
[Round "2"]
[White "Aitchison, A Keith"]
[Black "Ridge, Michael"]
[Result "1/2-1/2"]
[WhiteElo "1618"]
[BlackElo "1800"]
[PlyCount "51"]
[EventDate "2012.??.??"]

1. e4 c5 2. Nf3 d6 3. Nc3 a6 4. b3 g6 5. Bb2 Bg7 6. Bc4 e6 7. O-O b5 8. Be2 Nf6
9. d3 O-O 10. Qd2 Nc6 11. Nd1 e5 12. a3 h6 13. Ne3 Be6 14. Rfd1 Rc8 15. c4 Nd4
16. Nxd4 cxd4 17. Nd5 Nxd5 18. cxd5 Bd7 19. Rdc1 Qh4 20. g3 Qe7 21. Qa5 f5 22.
Rxc8 Rxc8 23. Rc1 fxe4 24. dxe4 Rxc1+ 25. Bxc1 Bc8 26. a4 1/2-1/2

[Event "Dundee & Angus Challengers"]
[Site "?"]
[Date "2012.10.13"]
[Round "2"]
[White "Macgilchrist, Siegrun"]
[Black "Deary, David"]
[Result "0-1"]
[WhiteElo "1573"]
[BlackElo "1715"]
[PlyCount "106"]
[EventDate "2012.??.??"]

1. c4 e5 2. Nc3 Nf6 3. g3 Nc6 4. Bg2 Bc5 5. e3 d6 6. d3 O-O 7. Nge2 a6 8. O-O
Be6 9. e4 Nd7 10. Nd5 Ne7 11. Kh1 c6 12. Nxe7+ Qxe7 13. f4 f5 14. exf5 Rxf5 15.
Nc3 exf4 16. Bxf4 Bd4 17. Be4 Rf7 18. Ne2 Ba7 19. Qc2 Nc5 20. Bg2 Bf5 21. Rad1
Re8 22. Nd4 Bg4 23. Bf3 Bh3 24. Bg2 Bxg2+ 25. Kxg2 Nd7 26. Rde1 Ne5 27. Nf3 Qd7
28. Bxe5 dxe5 29. Nxe5 Rxf1 30. Nxd7 Rfxe1 31. Qb3 R1e2+ 32. Kh3 Bg1 33. Kg4
Rxh2 34. c5+ Kh8 35. Qf7 Rhe2 36. Qf5 Rf2 37. Qh5 g6 38. Qh6 Rh2 39. Qc1 h5+
40. Kf4 Be3+ 41. Qxe3 Rxe3 42. Kxe3 Rxb2 43. a4 Rb4 44. Nb6 Kg7 45. d4 Kf6 46.
Ke4 Ke6 47. a5 g5 48. Ke3 Rb3+ 49. Ke4 Rxg3 50. d5+ cxd5+ 51. Kd4 Rg4+ 52. Kd3
h4 53. Ke3 Rf4 0-1

[Event "Dundee & Angus Challengers"]
[Site "?"]
[Date "2012.10.13"]
[Round "3"]
[White "Deary, Daniel"]
[Black "Hargrave, Ian"]
[Result "1-0"]
[WhiteElo "1649"]
[BlackElo "1765"]
[PlyCount "55"]
[EventDate "2012.??.??"]

1. e4 d5 2. exd5 Qxd5 3. Nc3 Qd8 4. d4 Nf6 5. Nf3 e6 6. Bc4 Be7 7. Bf4 O-O 8.
O-O Nd5 9. Nxd5 exd5 10. Bd3 Nd7 11. Ne5 Nf6 12. Qf3 Bd6 13. h3 Bd7 14. Rfe1
Bc6 15. Bg5 h6 16. Bh4 g5 17. Bg3 Bxe5 18. Bxe5 Ne4 19. Qh5 f6 20. Qg6+ Kh8 21.
Qxh6+ Kg8 22. Qg6+ Kh8 23. Bh2 Qe8 24. Qh6+ Kg8 25. f3 Qe6 26. Qg6+ Kh8 27.
fxe4 dxe4 28. Bxe4 1-0

[Event "Dundee & Angus Challengers"]
[Site "?"]
[Date "2012.10.13"]
[Round "3"]
[White "Kosznik, Dariusz"]
[Black "Smith, John S R"]
[Result "0-1"]
[WhiteElo "1625"]
[BlackElo "1745"]
[PlyCount "72"]
[EventDate "2012.??.??"]

1. d4 Nf6 2. Nf3 e6 3. e3 d5 4. Bd3 c5 5. b3 Nc6 6. a3 Bd6 7. Bb2 Qe7 8. c4
cxd4 9. exd4 O-O 10. O-O b6 11. Ne5 Bb7 12. Nd2 Rac8 13. Re1 Rcd8 14. Re3 dxc4
15. bxc4 Bb8 16. Ndf3 Qd6 17. Ng5 Nxe5 18. dxe5 Qc6 19. Nf3 Ng4 20. Re4 Qxe4
21. Bxe4 Rxd1+ 22. Rxd1 Bxe4 23. Ne1 Nxe5 24. f3 Bb7 25. c5 bxc5 26. Nc2 Nc4
27. Bc1 f6 28. h4 Bd5 29. Ne1 Be5 30. Nd3 Bd4+ 31. Kh2 Rb8 32. Bf4 e5 33. Bg3
Ne3 34. Rc1 Bc4 35. Nf2 Nf1+ 36. Kh3 Be6+ 0-1

[Event "Dundee & Angus Challengers"]
[Site "?"]
[Date "2012.10.13"]
[Round "3"]
[White "Grundy, Thomas"]
[Black "Deary, David"]
[Result "1/2-1/2"]
[WhiteElo "1709"]
[BlackElo "1715"]
[PlyCount "85"]
[EventDate "2012.??.??"]

1. d4 Nf6 2. c4 g6 3. Nc3 Bg7 4. e4 d6 5. f3 O-O 6. Bg5 c5 7. d5 Bd7 8. Qd2 a6
9. a4 e5 10. Bd3 Qc7 11. Nge2 h5 12. O-O Nh7 13. Bh4 f5 14. exf5 Bxf5 15. Ne4
Nf6 16. N2g3 Bxe4 17. Bxe4 Nxe4 18. Nxe4 Rf4 19. Ng5 Bh6 20. Ne6 Qh7 21. Qa5
Nd7 22. Qc7 g5 23. Bf2 Qe7 24. Ra3 b6 25. a5 bxa5 26. Rb3 Rf7 27. Ra1 Nf8 28.
Qxe7 Rxe7 29. Nxf8 Bxf8 30. Rxa5 Kf7 31. Rb6 Rea7 32. b4 cxb4 33. Rxb4 Rc7 34.
Bb6 Rb7 35. Bc5 Rc7 36. Be3 Be7 37. Kf2 Rac8 38. Raa4 a5 39. Rxa5 Rxc4 40. Rxc4
Rxc4 41. Ra7 Kf6 42. Rd7 Rb4 43. Bxg5+ 1/2-1/2

[Event "Dundee & Angus Challengers"]
[Site "?"]
[Date "2012.10.13"]
[Round "3"]
[White "Robinson, Stephen"]
[Black "Ridge, Michael"]
[Result "0-1"]
[WhiteElo "1707"]
[BlackElo "1800"]
[PlyCount "114"]
[EventDate "2012.??.??"]

1. b4 e5 2. Bb2 Bxb4 3. f4 Nc6 4. fxe5 Nh6 5. Nf3 O-O 6. e4 Ng4 7. Qe2 d6 8. a3
Ba5 9. Qb5 Ne3 10. Qd3 Nxf1 11. Rxf1 dxe5 12. Nxe5 Qh4+ 13. g3 Qxh2 14. Qf3
Nxe5 15. Bxe5 Bh3 16. Rf2 Qg1+ 17. Ke2 Bb6 18. Bxg7 Bxf2 19. Qxf2 Bg4+ 20. Ke3
Qxf2+ 21. Kxf2 Kxg7 22. Nc3 c6 23. Ke3 f5 24. e5 Rad8 25. d4 h5 26. Na4 h4 27.
Nc5 Rde8 28. gxh4 f4+ 29. Kf2 Bc8 30. Ne4 Re6 31. Rg1+ Rg6 32. Rh1 f3 33. Nf6
Rfxf6 34. exf6+ Rxf6 35. Rg1+ Rg6 36. Re1 Be6 37. Kxf3 Bd5+ 38. Kf4 Kf6 39. a4
Rg2 40. c3 Rf2+ 41. Kg4 Be6+ 42. Kg3 Rc2 43. Re3 Bd5 44. h5 Rg2+ 45. Kf4 Rh2
46. Re5 Rf2+ 47. Kg4 Be6+ 48. Kh4 Rg2 49. h6 Rh2+ 50. Kg3 Rxh6 51. Rc5 Rh1 52.
c4 Rc1 53. Ra5 a6 54. d5 Bd7 55. dxc6 Bxc6 56. Rc5 Bxa4 57. Rc7 Bc6 0-1